000 00367 a2200157 4500
001 180383
020 _a
040 _cMagnum
100 _aPershun, Janice Janete
240 1 0 _aVoce cria o texto/descricao-16
_lpor
245 1 0 _aVoce cria o texto/descricao-16
362 0 _a1899
440 1 _aEditora do Brasil
697 _aMAGNITO: PARADIDATICO
942 _cBK
999 _c180383
_d180383